Tune in 2 Learing english through listening : Teacher's Book
Gorde:
| Beste egile batzuk: | |
|---|---|
| Formatua: | Liburua |
| Hizkuntza: | English |
| Argitaratua: |
Oxford
Oxford Univ. Press
2007
|
| Gaiak: | |
| Etiketak: |
Etiketa erantsi
Etiketarik gabe, Izan zaitez lehena erregistro honi etiketa jartzen!
|
| Thư viện lưu trữ: | Trung tâm Học liệu Lê Vũ Hùng, Trường Đại học Đồng Tháp |
|---|
| LEADER | 00835pam a22003138a 4500 | ||
|---|---|---|---|
| 001 | 00027965 | ||
| 005 | 20171026081022.0 | ||
| 008 | 111222s2007 ||||||engsd | ||
| 020 | # | # | |a 0194471114 |
| 041 | 0 | # | |a eng |
| 082 | 1 | 4 | |a 428 |b T512I |
| 245 | 0 | 0 | |b Learing english through listening : Teacher's Book |c Matt Jones...[et al.] |a Tune in 2 |
| 260 | # | # | |a Oxford |b Oxford Univ. Press |c 2007 |
| 300 | # | # | |e 1 CD-ROM |a 155p. |c 28 cm. |b ill. |
| 650 | # | 4 | |a English language |x Nghe |
| 653 | # | # | |a Tiếng anh |
| 653 | # | # | |a Sách giáo viên |
| 700 | 1 | # | |a Jones, Matt |
| 852 | # | # | |b Kho đọc |j KD.0012388 |
| 852 | # | # | |j KD.0012388 |
| 910 | 0 | # | |d 22/12/2011 |
| 980 | # | # | |a Trung tâm Học liệu Lê Vũ Hùng, Trường Đại học Đồng Tháp |